| 000 | 00934cam a22001934a 4500 | ||
|---|---|---|---|
| 005 | 20250605164146.0 | ||
| 008 | 250528s ||||||||||||||||||||||||d | ||
| 035 | _a19174 | ||
| 020 | _a6728525 | ||
| 040 |
_aGR-AtMCL _bgre _dGR-AtMCL _eAACR2 |
||
| 245 | 1 | _aThe Wonderful World of Sport / A Phenomenon of the Second Half of the Twentieth Century as Discovered, Expored and Interpreted by the Editors, Writers, Reporters, Photographers and the Artists of Sports Illustrated. | |
| 260 | _c1967 | ||
| 300 | _a326 | ||
| 520 | _aIntroduction, The Moment Preserved, The Sailors, The Crowds, The Solitary Ones, The Birds and the Beasts and the Fishes, The Violent Action, The Ladies, The Venues, The Odd Ones, The Last Full Measure, The Characters, The Artist's Eye, The College Coach, The Participants, The Superstars, The Literature. | ||
| 700 | 1 |
_aTime-Life Books _95412 |
|
| 942 | _cBK | ||
| 999 |
_c4448 _d4448 |
||